[Event "Challenge"]
[Site "http://www.queenalice.com/game.php?id=1250265"]
[Date "2014.1.22"]
[Round "-"]
[White "campeon9"]
[Black "nathmurr"]
[Result "1-0"]
[WhiteElo "1563"]
[BlackElo "1457"]

1. e4 e5 2. Nf3 d6 3. Nc3 a6 4. Bc4 Nc6 5. d3 Bg4 6. h3 Bxf3 7. Qxf3 f6 8. Be3
Nb4 9. Qd1 g6 10. O-O h5 11. a3 Nc6 12. Qd2 Nh6 13. Nd5 f5 14. exf5 gxf5 15.
Rfe1 f4 16. Bxf4 Qh4 17. Bg3 Qd4 18. Nxc7+ Kd7 19. Nxa8 Qa7 20. Qg5 Nd4 21. Re4
Rg8 22. Qxh5 Ne6 23. c3 Rxg3 24. d4 Rg5 25. Qh4 Qxa8 26. Bxe6+ Kxe6 27. Qxg5 b5
28. Qg6+ Kd5 29. Rd1 b4 30. dxe5+ Kc5 31. axb4+ 1-0

[Event "Challenge"]
[Site "http://www.queenalice.com/game.php?id=1250266"]
[Date "2014.1.22"]
[Round "-"]
[White "campeon9"]
[Black "vangogh"]
[Result "1-0"]
[WhiteElo "1594"]
[BlackElo "1480"]

1. e4 e5 2. Nf3 Nc6 3. Bc4 Qf6 4. Nc3 Qg6 5. O-O Bb4 6. a3 Bxc3 7. dxc3 Qxe4 8.
Bd5 Qg6 9. Bxc6 bxc6 10. Nxe5 Qd6 11. Qxd6 cxd6 12. Nc4 Ba6 13. Ne3 Nf6 14. Bd2
Bxf1 15. Kxf1 O-O 16. Nf5 d5 17. Re1 Rab8 18. b4 Ng4 19. h3 Nf6 20. Re3 g6 21.
Nd4 c5 22. Nb3 c4 23. Nc5 Rbd8 24. a4 d6 25. Nb7 Rd7 26. Na5 Ne4 27. Bc1 Nf6 28.
Nc6 Rc8 29. Nd4 a6 30. b5 a5 31. Rf3 Ne4 32. Re3 Nc5 33. Nc6 Re8 34. b6 Rb7 35.
Rxe8+ Kg7 36. Nxa5 Rxb6 37. Be3 Rb1+ 38. Ke2 Nxa4 39. Bd4+ f6 40. Re6 Rb5 41.
Nc6 Rb2 42. Kd2 Rb1 43. Rxf6 Nb2 44. Rxd6+ Kh6 45. Ke2 Rc1 46. Be3+ Kg7 47. Bxc1
Na4 48. Bd2 Nc5 49. Rxd5 1-0

[Event "Challenge"]
[Site "http://www.queenalice.com/game.php?id=1257429"]
[Date "2014.2.17"]
[Round "-"]
[White "campeon9"]
[Black "Wilson"]
[Result "1-0"]
[WhiteElo "1593"]
[BlackElo "1480"]

1. e4 e5 2. Nf3 d6 3. Nc3 Nf6 4. Bc4 Be7 5. d4 O-O 6. Nd5 Nxe4 7. Qe2 Bf5 8. O-O
Nc6 9. dxe5 dxe5 10. Rd1 Qc8 11. Bb5 a6 12. Bxc6 Bd6 13. Bxb7 Qxb7 14. Nh4 Be6
15. Qxe4 c6 16. Nc3 Rad8 17. Be3 f5 18. Qa4 f4 19. Bc1 c5 20. b3 Be7 21. Bb2 f3
22. Nxf3 Rf5 23. Rxd8+ Bxd8 24. Qe8+ Rf8 25. Qxe6+ Kh8 26. Qxe5 Bb6 27. Na4 Qc7
28. Nxb6 h6 29. Qxc7 1-0

[Event "Challenge"]
[Site "http://www.queenalice.com/game.php?id=1257430"]
[Date "2014.2.17"]
[Round "-"]
[White "campeon9"]
[Black "duschgel"]
[Result "0-1"]
[WhiteElo "1601"]
[BlackElo "1812"]

1. e4 c6 2. Nf3 d5 3. exd5 Qxd5 4. Nc3 Qa5 5. Bc4 Bg4 6. h3 Bh5 7. O-O Nf6 8. d3
e6 9. a3 Be7 10. Bd2 Qc7 11. Qe2 O-O 12. Qe3 Nbd7 13. Rfe1 Bxf3 14. Qxf3 Nb6 15.
Bf4 Bd6 16. Bg5 Nfd5 17. Bxd5 cxd5 18. Nb5 Qd7 19. Qg4 Qxb5 20. Bh6 Qxb2 21.
Rab1 Qf6 22. Bg5 Qg6 23. Qh4 Rac8 24. Be3 Rxc2 25. Bxb6 axb6 26. Rxb6 Bc5 27.
Rxb7 Bxf2+ 28. Qxf2 Rxf2 29. Kxf2 Qxd3 30. a4 Qd4+ 31. Kf1 Qxa4 32. Reb1 g6 33.
R7b4 Qa6+ 34. Kg1 Rc8 35. Rb6 Qa7 36. Kh1 Rc2 37. R6b2 Rxb2 38. Rxb2 Qa1+ 39.
Kh2 Qxb2 40. Kg3 d4 41. Kf3 d3 42. Ke3 d2 0-1

[Event "Challenge"]
[Site "http://www.queenalice.com/game.php?id=1257739"]
[Date "2014.2.18"]
[Round "-"]
[White "campeon9"]
[Black "Camy"]
[Result "1-0"]
[WhiteElo "1604"]
[BlackElo "1537"]

1. e4 e5 2. Nf3 Nf6 3. Nxe5 Qe7 4. Nf3 Nxe4 5. Qe2 Nf6 6. Qxe7+ Bxe7 7. Bc4 O-O
8. O-O Nc6 9. Nc3 Bc5 10. d3 d6 11. Bg5 Bg4 12. Bxf6 gxf6 13. Bd5 Bxf3 14. Bxf3
Nd4 15. Bxb7 Rae8 16. Rae1 Nxc2 17. Rxe8 Rxe8 18. Nd5 Bd4 19. Rc1 Re2 20. Rf1
Bxb2 21. Nxc7 Re5 22. g3 Rg5 23. Ne8 Nd4 24. Nxf6+ Kg7 25. Ne8+ Kf8 26. Nxd6
Ne2+ 27. Kg2 Be5 28. Re1 Nxg3 29. fxg3 Bxd6 30. a4 a5 31. Re4 h5 32. Rc4 Ke7 33.
Re4+ Re5 34. Rxe5+ Bxe5 35. Kf3 f5 36. h3 Kf6 37. g4 fxg4+ 38. hxg4 h4 39. Ke4
h3 40. g5+ Kxg5 41. Kxe5 Kg4 42. Bc8+ Kg3 43. Bxh3 Kxh3 44. d4 Kg4 45. d5 Kg5
46. d6 1-0

[Event "Challenge"]
[Site "http://www.queenalice.com/game.php?id=1257740"]
[Date "2014.2.18"]
[Round "-"]
[White "campeon9"]
[Black "teodoricojose"]
[Result "0-1"]
[WhiteElo "1622"]
[BlackElo "1511"]

1. e4 d6 2. Nf3 g6 3. Bc4 Nf6 4. Nc3 Bg7 5. d3 O-O 6. Bg5 c5 7. O-O Nc6 8. Qd2
a6 9. Bh6 Bg4 10. Bxg7 Kxg7 11. Qd1 Nd4 12. Ne2 Nxf3+ 13. gxf3 Bxf3 14. Qd2 b5
15. Bb3 a5 16. c4 a4 17. Bc2 b4 18. b3 a3 19. Nf4 e6 20. Rfe1 Bh5 21. e5 dxe5
22. Rxe5 Qd6 23. Rae1 Ng4 24. R5e4 Kh8 25. d4 Rad8 26. h3 Nf6 27. Re5 Bf3 28.
Bd1 Ba8 29. R5e3 Qxd4 30. Qxd4 Rxd4 31. Nd3 Rh4 32. Nxc5 Nh5 33. Bxh5 Rxh5 34.
Nd7 Rd8 35. Nf6 Rg5+ 36. Kh2 Rg2+ 37. Kh1 Rxf2+ 38. Kg1 Rxf6 39. Re5 Rd2 40. Rb5
Rff2 41. Rg5 Rh2 42. c5 Rh1# 0-1

[Event "Challenge"]
[Site "http://www.queenalice.com/game.php?id=1257741"]
[Date "2014.2.18"]
[Round "-"]
[White "teodoricojose"]
[Black "campeon9"]
[Result "0-1"]
[WhiteElo "1522"]
[BlackElo "1589"]

1. e4 e5 2. Nf3 Nc6 3. d4 exd4 4. Nxd4 Nxd4 5. Qxd4 Nf6 6. Bc4 d6 7. Bg5 Be7 8.
Nc3 h6 9. Bh4 Bd7 10. e5 dxe5 11. Qxe5 O-O 12. O-O Re8 13. Qd4 b6 14. Nd5 c5 15.
Nxf6+ Bxf6 16. Bxf6 cxd4 17. Bxd8 Raxd8 18. Rad1 b5 19. Bb3 Bc6 20. f3 a5 21. a3
b4 22. axb4 axb4 23. Rd2 Bb5 24. Rfd1 d3 25. cxd3 Re7 26. d4 Red7 0-1

[Event "Challenge"]
[Site "http://www.queenalice.com/game.php?id=1257749"]
[Date "2014.2.18"]
[Round "-"]
[White "campeon9"]
[Black "gsthck"]
[Result "0-1"]
[WhiteElo "1608"]
[BlackElo "1598"]

1. e4 c6 2. Nf3 d5 3. exd5 Qxd5 4. Nc3 Qd6 5. Bc4 Bg4 6. h3 Bxf3 7. Qxf3 e6 8.
d3 Be7 9. Bf4 Qb4 10. Bb3 Nf6 11. a3 Qa5 12. O-O Nbd7 13. Bg5 Ne5 14. Qf4 Nh5
15. Qh4 Bxg5 16. Qxg5 Nf3+ 17. gxf3 Qxg5+ 18. Kh1 Qh4 19. Kh2 Nf4 0-1

[Event "Challenge"]
[Site "http://www.queenalice.com/game.php?id=1263352"]
[Date "2014.3.8"]
[Round "-"]
[White "campeon9"]
[Black "Racey"]
[Result "0-1"]
[WhiteElo "1632"]
[BlackElo "1393"]

1. d4 Nc6 2. Nf3 d5 3. Nc3 Be6 4. Bf4 h5 5. e3 Nf6 6. Bb5 h4 7. g3 h3 8. Ne5 Rh5
9. Bxc6+ bxc6 10. Nxc6 Qd7 11. Ne5 Qc8 12. Qe2 g5 13. Bxg5 Rxg5 0-1

[Event "Challenge"]
[Site "http://www.queenalice.com/game.php?id=1263353"]
[Date "2014.3.8"]
[Round "-"]
[White "campeon9"]
[Black "crisvolei"]
[Result "1-0"]
[WhiteElo "1617"]
[BlackElo "1587"]

1. e4 e5 2. Nf3 d6 3. Nc3 Be6 4. Bd3 a6 5. O-O Nc6 6. b3 Nd4 7. Nxd4 exd4 8. Ne2
c5 9. c3 c4 10. bxc4 dxc3 11. dxc3 Qb6 12. Be3 Qa5 13. Qc2 Nf6 14. Rab1 Ng4 15.
Rxb7 Qh5 16. h3 1-0

[Event "Challenge"]
[Site "http://www.queenalice.com/game.php?id=1266285"]
[Date "2014.3.19"]
[Round "-"]
[White "campeon9"]
[Black "vivi_jamile"]
[Result "1-0"]
[WhiteElo "1606"]
[BlackElo "1344"]

1. e4 Nc6 2. Nf3 e5 3. Bc4 Nf6 4. Nc3 Bc5 5. d3 O-O 6. Bg5 d6 7. Nd5 Bb4+ 8. c3
Ba5 9. b4 Bb6 10. Nxf6+ gxf6 11. Bh4 Be6 12. Bxe6 Qe7 13. Bd5 1-0

[Event "RJGF"]
[Site "http://www.queenalice.com/game.php?id=1281249"]
[Date "2014.5.12"]
[Round "2"]
[White "Marcelo_Smilov"]
[Black "campeon9"]
[Result "1-0"]
[WhiteElo "2042"]
[BlackElo "1625"]

1. d4 Nf6 2. c4 d6 3. Nc3 g6 4. Nf3 Bg7 5. Bf4 O-O 6. e3 c5 7. Be2 Nbd7 8. O-O
a6 9. Qc2 cxd4 10. exd4 Re8 11. Rfe1 Qc7 12. Rac1 Nb6 13. b3 Bf5 14. Bd3 Bxd3
15. Qxd3 Rad8 16. Ne4 Nbd7 17. h3 Nxe4 18. Rxe4 Nf6 19. Re2 Qd7 20. Qd2 e6 21.
Bh6 Bf8 22. Bxf8 Rxf8 23. Qg5 Ne8 24. Qh6 f6 25. Rce1 Ng7 26. d5 e5 27. Nd4 Rde8
28. Nf3 Rf7 29. a4 Rfe7 30. a5 e4 31. Nd4 Nf5 32. Nxf5 Qxf5 33. f3 e3 34. Rxe3
Rxe3 35. Rxe3 Rxe3 36. Qxe3 Qe5 37. Qxe5 fxe5 38. Kf2 Kf7 39. Ke3 1-0

[Event "Challenge"]
[Site "http://www.queenalice.com/game.php?id=1283008"]
[Date "2014.5.20"]
[Round "-"]
[White "campeon9"]
[Black "jamba"]
[Result "1-0"]
[WhiteElo "1614"]
[BlackElo "1500"]

1. e4 c5 2. Nf3 d6 3. Bc4 Nf6 4. Nc3 Nc6 5. O-O g6 6. d3 Bg7 7. a3 h5 8. Re1 h4
9. Bd2 e5 10. Nd5 h3 11. g3 Bg4 12. Re3 Nd4 13. Qc1 Nxf3+ 14. Kh1 1-0

[Event "Challenge"]
[Site "http://www.queenalice.com/game.php?id=1298828"]
[Date "2014.8.2"]
[Round "-"]
[White "JORAM2205"]
[Black "campeon9"]
[Result "1-0"]
[WhiteElo "1692"]
[BlackElo "1623"]

1. e4 e5 2. Nf3 Nc6 3. d3 Bc5 4. Be3 Bxe3 5. fxe3 d5 6. d4 dxe4 7. Nxe5 Nxe5 8.
Qh5 Qe7 9. dxe5 Nf6 10. Qg5 O-O 11. exf6 Qd8 12. Qxg7# 1-0

[Event "Challenge"]
[Site "http://www.queenalice.com/game.php?id=1301900"]
[Date "2014.8.16"]
[Round "-"]
[White "Rogerio11"]
[Black "campeon9"]
[Result "0-1"]
[WhiteElo "1248"]
[BlackElo "1610"]

1. e4 e5 2. Bc4 Nf6 3. d3 Bc5 4. c3 Nc6 5. b4 Bb6 6. Nf3 d6 7. Bg5 h6 8. Bc1 O-O
9. d4 exd4 10. cxd4 Nxe4 11. b5 Ne7 12. Qd3 Nf6 13. O-O Bf5 14. Qe3 Re8 15. Nh4
Ng6 16. Qf3 Nxh4 17. Qxb7 Rb8 18. Qa6 Be4 19. f3 Bb7 20. Qa3 Bxd4+ 21. Kh1 Bxa1
22. Bf4 Bd4 23. Rd1 Qe7 24. Rxd4 Qe1+ 0-1

[Event "Challenge"]
[Site "http://www.queenalice.com/game.php?id=1303081"]
[Date "2014.8.21"]
[Round "-"]
[White "mysticchess"]
[Black "campeon9"]
[Result "1/2-1/2"]
[WhiteElo "1796"]
[BlackElo "1638"]

1. d4 d5 2. c3 Nc6 3. e3 e5 4. Ne2 Nf6 5. Ng3 Bd6 6. Be2 O-O 7. Nd2 Be6 8. e4
Qd7 9. h3 Rad8 10. Bf3 Rfe8 11. Nb3 a6 12. Be3 dxe4 13. Nxe4 Nxe4 14. Bxe4 exd4
15. Nxd4 Nxd4 16. Bxd4 Bf5 17. O-O Bxe4 18. f3 Bd5 19. Qc2 Qe7 20. b4 c5 21.
bxc5 Bxc5 22. Rad1 Bxd4+ 23. cxd4 Qe2 24. Qxe2 Rxe2 25. Kh1 Bxa2 26. Rg1 a5 27.
Rd3 a4 28. Kh2 Rde8 29. d5 Rf2 30. d6 Rd8 31. Kg3 Re2 32. Rc1 Kf8 33. Rc5 Rxd6
34. Rxd6 Ke7 35. Rb6 a3 36. Rc7+ Kd8 37. Rbxb7 Be6 38. Ra7 Bc8 39. Rxf7 a2 40.
Rxg7 Re7 41. Rgxe7 a1=Q 42. Rxa1 Kxe7 43. Ra7+ Bd7 44. Kf4 Ke6 45. Ra6+ Ke7 46.
g4 Bb5 47. Rb6 Bf1 48. h4 Kf7 49. h5 Kg7 50. g5 Bd3 51. h6+ Kg8 52. Rb7 Ba6 53.
Ra7 Bb5 54. Ke5 Bc6 55. f4 Bb5 56. Kf6 Bc4 57. g6 hxg6 58. h7+ Kh8 59. Kxg6 Bg8
60. f5 Bf7+ 61. Rxf7 1/2-1/2

[Event "Challenge"]
[Site "http://www.queenalice.com/game.php?id=1318816"]
[Date "2014.10.28"]
[Round "-"]
[White "campeon9"]
[Black "gobblemate"]
[Result "1-0"]
[WhiteElo "1646"]
[BlackElo "1594"]

1. e4 c5 2. Nf3 Nc6 3. Nc3 e6 4. Bc4 Nf6 5. d3 Be7 6. Bg5 O-O 7. Qd2 a6 8. a4
Qa5 9. O-O Ng4 10. Bxe7 Nxe7 11. h3 Nh6 12. d4 cxd4 13. Nxd4 Rd8 14. Rfe1 d5 15.
exd5 Qc7 16. Bb3 exd5 17. Nxd5 Nxd5 18. Bxd5 Bd7 19. Bf3 Be6 20. Qe3 Re8 21.
Nxe6 Rxe6 22. Qc3 Qxc3 23. bxc3 Rxe1+ 24. Rxe1 1-0